| 000 | 00694nam a2200253 a 4500 | ||
|---|---|---|---|
| 001 | 000108091 | ||
| 003 | CHAP | ||
| 005 | 20220329143957.0 | ||
| 008 | 131204s2011 xxca |r| ||1|||eng d | ||
| 010 | _a104553 | ||
| 011 | _a105525 | ||
| 020 | _a9781926692654 | ||
| 040 | _cCHAP | ||
| 082 | 0 | 4 |
_a597.072 _bR43 |
| 245 | 0 | 0 |
_aResearch progress in fisheries science / _cpor editor William Hunter III. |
| 260 |
_aOakville, Ontario : _bAppe Academic Press, _c2011. |
||
| 300 |
_a347 p. : _bil. |
||
| 590 |
_aE5765TAJ _b05 _c20131204 _lUCH01 _h1429 |
||
| 650 | 1 | 4 |
_aPeces _xInvestigación. _986454 |
| 700 | 1 |
_aHunter III, William _eed. _9124906 |
|
| 901 | _aBK | ||
| 942 | _cLIBRO | ||
| 942 | _n0 | ||
| 999 |
_c104553 _d104553 |
||